000 00558nam a22001695i 4500
001 68689
003 ES-MaACL
007 t|
008 960814s1897 xxkab ||||1| eng d
040 _aCAM
_bspa
_cCAM
100 1 _aGeikie, Archibald
_cSir.
_956220
245 1 4 _aThe ancient volcanoes of Great Britain /
_cby Sir Archibald Geikie ...
260 _aLondon :
_bMacmillan and Co.,
_c1897 (
_eEdinburgh :
_fprinted by R. & R. Clark, limited)
300 _a2 v. :
_bil. ;
_c26 cm.
650 1 4 _aVolcanes-
_zGran BretaƱa.
_917847
852 _aES-MaACL
_jG-6182-3
999 _c68689
_d68689